The beauty of fractals : images of complex dynamical systems
Αποθηκεύτηκε σε:
| Κύριος συγγραφέας: | |
|---|---|
| Άλλοι συγγραφείς: | |
| Μορφή: | Βιβλίο |
| Γλώσσα: | English |
| Δημοσίευση: |
Berlin ; New York :
Springer-Verlag,
c1986.
|
| Θέματα: | |
| Ετικέτες: |
Προσθήκη ετικέτας
Δεν υπάρχουν, Καταχωρήστε ετικέτα πρώτοι!
|
MARC
| LEADER | 00000cam a2200000 i 4500 | ||
|---|---|---|---|
| 001 | 1/15430 | ||
| 008 | 980604s1986 gw | ||| |||| ||eng|| | ||
| 020 | |a 3540158510 | ||
| 020 | |a 0387158510 | ||
| 035 | |l 10019826 | ||
| 040 | |a GR-MyUA |b gre |e AACR2 | ||
| 041 | 0 | |a eng | |
| 082 | 0 | |a 516 | |
| 100 | 1 | |a Peitgen, Heinz-Otto, |d 1945- | |
| 245 | 1 | 4 | |a The beauty of fractals : |b images of complex dynamical systems / |c H.-O. Peitgen; P. H. Richter. |
| 260 | |a Berlin ; New York : |b Springer-Verlag, |c c1986. | ||
| 300 | |a 199 σ. : |b εικ. ; |c 29 ek. | ||
| 500 | |a With 184 figures, many in color. | ||
| 504 | |a Περιέχει βιβλιογραφικές αναφορές και ευρετήριο. | ||
| 650 | 0 | 0 | |a Fractals. |
| 700 | 1 | |a Richter, P. H. |q (Peter H.), |d 1945- | |
| 852 | |a INST |b LESVOS |e 19980604 |h 516 PEI |p 005100014508 |q 005100014508 |t BK |y 0 | ||
| 852 | |a INST |b SAMOS |e 20230405 |h 516 PEI |p 005300048042 |q 005300048042 |t BK |y 0 | ||
| 901 | |a BIBL-1998-2 | ||
| 909 | |a Λ |b 057230 | ||
| 922 | |a 1ΕΛΗ |b 199805 |c ΚΠΣ/ΤΠ |d ΠΑΠΑΣΩΤΗΡΙΟΥ | ||
| 950 | |a 107-1998-04-08 | ||